000 00506nam a2200181Ia 4500
003 GCL
008 140319s9999 xx 000 0 ara d
040 _aGCL /
_cGCL
082 0 4 _a193
_bت ز
100 1 _aمجاهد عبدالمنعم مجاهد
245 1 0 _aزعزعة الاساسات /
_cمجاهد عبدالمنعم مجاهد
700 1 _aتيليش، بول
300 _a158 ص
490 _a
650 0 4 _aالفلسفة
650 0 4 _aالفلسفة الالمانية
942 _2ddc
_cBK
999 _c46639
_d46639